префектуры Японии, не имеющие выхода к морю - Statistics

General Stats
  • This quiz has been taken 84 times
  • The average score is 6 of 8
Answers on the Map
Answers color-coded by a green-red scale on the quiz's map according to % correct below.
 
Answer Stats
Prefecture % Correct
сайтама
90%
нара
83%
гифу
77%
тотиги
75%
гумма
75%
нагано
71%
сига
71%
яманаси
71%
No matching quizzes found
Score Distribution
Percent of People with Each Score
Percentile by Number Answered
Your Score History
You have not taken this quiz